Linguistic perspectives on second language acquisition

Uloženo v:
Podrobná bibliografie
Hlavní autoři: Gass, Susan M (Autor), Schachter, Jacquelyn (Autor)
Médium: Kniha
Jazyk:angličtina
Vydáno: Cambridge Cambridge University Press 1989
Edice:Cambridge Applied Linguistics
Témata:
Tagy: Přidat tag
Žádné tagy, Buďte první, kdo vytvoří štítek k tomuto záznamu!

MARC

LEADER 00000nam a2200000 a 4500
001 UCX1341
003 CL-VaPUC
008 900802e19890000UK |||||||||||||||||eng|d
082 0 4 |a 418  |b GAS  |2 21 
100 |a Gass, Susan M  |e author  |9 598190 
700 0 |a Schachter, Jacquelyn  |e author  |9 316818 
245 1 0 |a Linguistic perspectives on second language acquisition 
300 |a 296 p 
942 |c BK 
945 |d 19900802 00:00:00 
260 |a Cambridge  |b Cambridge University Press  |c 1989 
650 0 |a Lingüística aplicada   |9 313266 
650 7 |a INGLES ENSEÑANZA  |2 CL-VaPUC  |9 313261 
650 7 |a ESTUDIANTES EXTRANJEROS  |2 CL-VaPUC  |9 313952 
583 |a last modification  |c 20120704 12:11:09  |k Rodrigo Vera 
490 0 |a Cambridge Applied Linguistics 
999 |c 222599  |d 222597 
952 |0 0  |1 0  |4 0  |6 418_000000000000000_GAS_1989  |7 0  |8 A  |9 217579  |a FDOPOS  |b FDOPOS  |d 2019-11-15  |i 2864959  |o 418 GAS 1989  |p 2864959  |r 2025-01-22  |w 2019-11-15  |y BK  |k MLA 
952 |0 0  |1 0  |4 0  |6 418_000000000000000_GAS_1989  |7 0  |8 A  |9 217580  |a FDOPOS  |b FDOPOS  |d 2019-11-15  |i 3700518  |o 418 GAS 1989  |p 3700518  |r 2025-01-22  |w 2019-11-15  |y BK  |k MLA